000 00474nam a2200193Ia 4500
999 _c27155
_d27155
003 OSt
005 20250721123839.0
008 200615s9999||||xx |||||||||||||| ||und||
020 _a9780070502758
040 _cMUIT
082 _a650
_bHUM-M
100 _aSAIYADAIN, S.MIRZA
245 0 _aHUMAN RESOURCES MANAGEMENT
250 _a3RD
260 _anew delhi
_bTATA MCGRAW-HILL EDITION
_c2018
300 _a509
440 _aHUMAN RESOURCES MANAGEMENT
942 _cBK
_2ddc